MARC

LEADER 00000nam0a2200000 4500
001 177654
005 20231101223340.0
010 |a 9785396001053 
035 |a (RuTPU)RU\TPU\book\192622 
090 |a 177654 
100 |a 20100323d2010 k y0rusy50 ca 
101 0 |a rus 
102 |a RU 
105 |a a z 001zy 
200 1 |a Биоподобие техногенных систем. Математический код метагармонии  |f В. А. Бунин 
210 |a Москва  |c КРАСАНД  |d 2010 
215 |a 92 с.  |c ил. 
225 1 |a Relata Refero 
320 |a Библиогр.: с. 87-92. 
606 1 |a Синергетика  |x (естественные науки)  |2 stltpush  |3 (RuTPU)RU\TPU\subj\38992  |9 59235 
610 1 |a гармония 
610 1 |a природа 
610 1 |a математика 
610 1 |a биологические системы 
610 1 |a гравитационные системы 
610 1 |a техногенные системы 
610 1 |a искусство 
610 1 |a метагармония 
610 1 |a методология 
675 |a 50  |v 3 
700 1 |a Бунин  |b В. А.  |g Валентин Алексеевич 
801 1 |a RU  |b 63413507  |c 20100323 
801 2 |a RU  |b 63413507  |c 20120302  |g RCR 
942 |c BK 
959 |a 21/20100323  |d 1  |e 0  |f ЧЗТЛ:1